000 00517nam a2200181Ia 4500
003 GCL
008 140319s9999 xx 000 0 ara d
040 _aGCL /
_cGCL
082 0 4 _a823.03
_bج ق
100 1 _aجولدسميث، اوليفر
245 1 0 _aقس ويكفيلد /
_cجولدسميث، اوليفر
700 1 _aمحمد عزيز رفعت (مترجم)
300 _a360 ص
490 _aالالف كتاب
_v0
650 0 4 _aالادب الانجليزى
650 0 4 _aالقصص
942 _2ddc
_cBK
999 _c46263
_d46263